000 00648nam a2200289Ia 4500
005 20260324150030.0
008 008 260324s9999 xx 000 0 eng d
020 _a9781003108160
037 _aEBOOK
040 _aCRL
040 _beng
040 _cCRL
041 _2eng
041 _aeng
084 _qCRL
100 _aJohn Colmer
_91222100
245 0 _aE. M. Forster
245 4 _bThe Personal Voice
260 _bTaylor and Francis
260 _c1975
365 _a
365 _b120
856 _uhttp://www.taylorfrancis.com/books/9781003108160
942 _cEBOOK
999 _c1833804
_d1833804